000 01220cam a22002653 4500
001 5946
010 _a972649401X
021 _b98795/96
090 _a5946
100 _a20211231d1996 d||y0pory5003 ba
200 1 _aOs Túneis são redondos
_eE outras perguntas sobre construção
_fSteve Parker
_gtrad. Maria João Rodrigues
210 9 _aPorto
_cDesabrochar
_d1996
215 _a32 p.
_cil.
225 2 _aPorque será que
304 _aTít. orig.: I wonder why tunnels are round and other questions about building
330 _aCheios de respostas prontas a todas aquelas perguntas complicadas sobre o funcionamento do mundo, os livros Porque Será Que são uma maneira brilhante e manter as mentes jovens a trabalhar. Com informações e factos que, de uma forma hábil, explicam tudo, desde «Que peso consegue uma grua levantar?», «Como se faz a demolição de um edifício?», Porque Será Que os Túneis São Redondos, etc...
606 _9804
_aPublicação para jovens
606 _93851
_aTecnologia
675 _a087.5
_zpor
675 _a62
_zpor
700 _aParker
_bSteve
_f1952-
_94687
702 _aRodrigues
_bMaria João
_92444
801 0 _aPT
_bBMVN
_gRPC
830 _cInês Silva
_d31/12/2021
990 _cLIVROS